DOKRMOVANIE VČELSTIEV PO ODKVITNUTÍ OVOCNÝCH STROMOV

Bibliographic Details
Main Author: Konečný, Ferdinand (Author)
Format: Article
Language:Slovak

MARC

LEADER 00000nab a2200000ua 4500
001 vtls010789299
003 SK-MaSNL
005 20260303120257.0
008 230131s1962 xo |||||||||||||||||slo|
035 |a (urnnbn)urn:nbn:sk:snk:ar-a0055m 
035 |a (uuid)1517a681-f183-40ee-a58f-056939da0439 
035 |a urn:nbn:sk:snk-ab50mr 
040 |a SNKBUCL  |b slo  |c SNKBUCL  |e AACR2 
041 0 |a slo 
044 |a xo  |c SK 
100 1 |a Konečný, Ferdinand  |4 aut  |9 1132731 
245 1 0 |a DOKRMOVANIE VČELSTIEV PO ODKVITNUTÍ OVOCNÝCH STROMOV  |c Ferdinand Konečný 
773 0 |t Včelár : odborný časopis Povereníctva poľnohospodárstva a lesného hospodárstva a Ústredia včelárskych združení na Slovensku  |g Roč. 36, č. 5 (1962), s. 107 
954 |a odborná, vedecká literatúra pôvodná (slovenská)  |2 lita 
958 |a OND 
958 |a EUIPO 
958 |a article3 
999 |c 1908561  |d 1910491